Applied Statistics Using Stata A Guide For The Social Sciences (Record no. 41296)

MARC details
000 -LEADER
fixed length control field 00405nam a2200133Ia 4500
008 - FIXED-LENGTH DATA ELEMENTS--GENERAL INFORMATION
fixed length control field 240719s9999 xx 000 0 und d
041 ## - LANGUAGE CODE
Language code of text/sound track or separate title eng
082 ## - DEWEY DECIMAL CLASSIFICATION NUMBER
Classification number 519.5 MEH
100 ## - MAIN ENTRY--PERSONAL NAME
Personal name Mehmetoglu, Mehmet
245 ## - TITLE STATEMENT
Title Applied Statistics Using Stata A Guide For The Social Sciences
260 ## - PUBLICATION, DISTRIBUTION, ETC.
Place of publication, distribution, etc. New Delhi
Name of publisher, distributor, etc. Sage Publications
Date of publication, distribution, etc. 2022
300 ## - PHYSICAL DESCRIPTION
Extent 465.; P 24 Cm.
520 ## - SUMMARY, ETC.
Summary, etc. Faculty Purchase By Prof Subodh Tagare
Holdings
Withdrawn status Lost status Damaged status Not for loan Home library Current library Shelving location Date acquired Source of acquisition Cost, normal purchase price Full call number Barcode Date last seen Price effective from Koha item type Public note
        IMTN IMTN Rack 19-A 05/06/2023 Amazon 2856.00 519.5 MEH 32991 07/19/2024 01/05/2023 Books Gifted
Designed & Maintained by: LRC IMT Nagpur Contact: lrc@imtnag.ac.in© 2024. All Rights Reserved.